States with no letters in common Quiz Stats

 Plays Quiz not verified by Sporcle

Challenge
Share
Tweet
Embed
Score 0/31 Timer 06:00
0 Plays Today
State Answer % Correct
ALABAMA???
22.8%
ALASKA???
21.9%
KENTUCKY???
21.1%
OHIO???
21.1%
NEW YORK???
20.2%
KANSAS???
18.4%
TENNESSEE???
18.4%
UTAH???
18.4%
IDAHO???
17.5%
MISSISSIPPI???
17.5%
NEBRASKA???
17.5%
TEXAS???
17.5%
DELAWARE???
16.7%
WISCONSIN???
15.8%
NEVADA???
14.9%
NEW JERSEY???
14.9%
State Answer % Correct
OREGON???
14.9%
ARKANSAS???
14%
WYOMING???
14%
HAWAII???
13.2%
ILLINOIS???
13.2%
VERMONT???
13.2%
CONNECTICUT???
12.3%
IOWA???
12.3%
MARYLAND???
12.3%
NEW MEXICO???
12.3%
FLORIDA???
11.4%
NORTH DAKOTA???
11.4%
OKLAHOMA???
11.4%
COLORADO???
9.6%
MISSOURI???
9.6%

You're not logged in!

Compare scores with friends on all Sporcle quizzes.
OR
Log In

You Might Also Like...

Show Comments

Extras

Created Feb 28, 2014ReportNominate
Tags:Word Ladder Quiz, contest, red

Top Quizzes Today


Score Distribution

Your Account Isn't Verified!

In order to create a playlist on Sporcle, you need to verify the email address you used during registration. Go to your Sporcle Settings to finish the process.

Report this User

Report this user for behavior that violates our Community Guidelines.

Details: